Principles of naval architecture (Record no. 27683)

000 -LEADER
fixed length control field 00362nam a22001337a 4500
008 - FIXED-LENGTH DATA ELEMENTS--GENERAL INFORMATION
fixed length control field 250224b ||||| |||| 00| 0 eng d
082 00 - DEWEY DECIMAL CLASSIFICATION NUMBER
Classification number 623.81
Item number C739
245 10 - TITLE STATEMENT
Title Principles of naval architecture
260 ## - PUBLICATION, DISTRIBUTION, ETC. (IMPRINT)
Place of publication, distribution, etc New york :
Name of publisher, distributor, etc Sname,
Date of publication, distribution, etc 1967
300 ## - PHYSICAL DESCRIPTION
Extent 827 p.
650 #0 - SUBJECT ADDED ENTRY--TOPICAL TERM
Topical term or geographic name as entry element Naval Architecture
700 ## - ADDED ENTRY--PERSONAL NAME
9 (RLIN) 5808
Personal name Comstock, John P.
942 ## - ADDED ENTRY ELEMENTS (KOHA)
Item type Books
Holdings
Withdrawn status Lost status Source of classification or shelving scheme Damaged status Not for loan Permanent location Current location Date acquired Total Checkouts Total Renewals Full call number Barcode Date last seen Date last borrowed Koha item type
          IMU Kolkata IMU Kolkata 2025-02-24 4 4 623.81 C739 04196 2026-05-13 2026-03-28 Books
Designed and Maintained by IMU-KC Library, Kolkata Campus © Copyright All Rights Reserved

webs counters

Powered by Koha